000 00508nam a2200217Ia 4500
003 OSt
005 20220928144236.0
006 a|||||r|||| 00| 0
007 ta
008 220927b |||||||| |||| 00| 0 eng d
024 _a63796
037 _cTextual
040 _aSDCL
_cSDCL
_beng
041 _2eng
_aeng
082 _aI:6, N9
100 _aAllard
_9507448
245 0 _aPrinciples of plant breeding
250 _a2nd
942 _hI:6, N9
_cTEXL
_2CC
999 _c826820
_d826820